Effect of using blood meal in concentrate on growing quail at the animal experimental station of royal university of agriculture, ប្រសិទ្ធភាពនៃការប្រើប្រាស់ម្សៅឈាមក្នុងចំណីផ្សំទៅលើការលូតលាស់របស់ក្រូចសាច់នៅស្ថានីយចិញ្ចឹមសត្វ នៃសាកលវិទ្យាល័យភូមិន្ទកសិកម្ម (Record no. 2386)

000 -LEADER
fixed length control field 00847nam a22001337a 4500
040 ## - CATALOGING SOURCE
Transcribing agency RUA
082 ## - DEWEY DECIMAL CLASSIFICATION NUMBER
Classification number AVM LY 2010 B093 Or.1
100 ## - MAIN ENTRY--AUTHOR NAME
Personal name LY, VIREAK.
245 ## - TITLE STATEMENT
Title Effect of using blood meal in concentrate on growing quail at the animal experimental station of royal university of agriculture, ប្រសិទ្ធភាពនៃការប្រើប្រាស់ម្សៅឈាមក្នុងចំណីផ្សំទៅលើការលូតលាស់របស់ក្រូចសាច់នៅស្ថានីយចិញ្ចឹមសត្វ នៃសាកលវិទ្យាល័យភូមិន្ទកសិកម្ម
260 ## - PUBLICATION, DISTRIBUTION, ETC. (IMPRINT)
Place of publication Phnom Penh
Name of publisher RUA
Year of publication 2010
300 ## - PHYSICAL DESCRIPTION
Number of Pages x; 43p.
Other physical details ill.
Dimensions 29cm.
856 ## - ELECTRONIC LOCATION AND ACCESS
Uniform Resource Identifier https://drive.google.com/file/d/1qaf0YfosEoU0i5FylHfD-mWlnyqsvsjC/view?usp=sharing
942 ## - ADDED ENTRY ELEMENTS (KOHA)
Koha item type AVM
952 ## - LOCATION AND ITEM INFORMATION (KOHA)
Withdrawn status [LOCAL, KOHA] 0
952 ## - LOCATION AND ITEM INFORMATION (KOHA)
Withdrawn status [LOCAL, KOHA] 0
952 ## - LOCATION AND ITEM INFORMATION (KOHA)
Withdrawn status [LOCAL, KOHA] 0
952 ## - LOCATION AND ITEM INFORMATION (KOHA)
Withdrawn status [LOCAL, KOHA] 0
952 ## - LOCATION AND ITEM INFORMATION (KOHA)
Withdrawn status [LOCAL, KOHA] 0
952 ## - LOCATION AND ITEM INFORMATION (KOHA)
Withdrawn status [LOCAL, KOHA] 0
952 ## - LOCATION AND ITEM INFORMATION (KOHA)
Withdrawn status [LOCAL, KOHA] 0
952 ## - LOCATION AND ITEM INFORMATION (KOHA)
Withdrawn status [LOCAL, KOHA] 0
952 ## - LOCATION AND ITEM INFORMATION (KOHA)
Withdrawn status [LOCAL, KOHA] 0
952 ## - LOCATION AND ITEM INFORMATION (KOHA)
Withdrawn status [LOCAL, KOHA] 0
Holdings
Permanent Location Date acquired Koha item type Lost status Shelving location Barcode Current Location Full call number
Library Block B2015-10-20AVM B093RUA020313Library Block BAVM LY 2010 B093 Or.1
Library Block B2015-10-20AVM B093RUA020316Library Block BAVM LY 2010 B093 Or.2
Library Block B2015-10-20AVM B093RUA020317Library Block BAVM LY 2010 B093 Or.3
Library Block B2015-10-20AVM B093RUA020365Library Block BAVM LY 2010 B093 Or.4
Library Block B2015-10-20AVM B093RUA017021Library Block BAVM LY 2010 B093 Or.5
Library Block B2015-10-20AVM B093RUA019565Library Block BAVM LY 2010 B093 Or.6
Library Block B2015-10-20AVM B093RUA019128Library Block BAVM LY 2010 B093 Or.7
Library Block B2015-10-20AVM B093RUA018579Library Block BAVM LY 2010 B093 Or.8
Library Block B2015-10-20AVM B093RUA018795Library Block BAVM LY 2010 B093 Or.9
Library Block B2015-10-20AVM B093RUA018507Library Block BAVM LY 2010 B093 Or.10
មជ្ឈមណ្ឌលឯការនៃសាកលវិទ្យាល័យភូមិន្ទកសិកម្មចំការដូង

Powered by Koha